000 00374nam a2200133Ia 4500
008 230524s9999 xx 000 0 und d
020 _a8126506067
100 _aMike O''Docherty
245 0 _aObject-Oriented Analysis and Design: Understanding System Development with UML 2.0
260 _bWiley India
500 _aQuantity Number: 1
650 _aComp-Sc
942 _cBK
999 _c50662
_d50662